Die Erlaubnis und Pflicht zu heilen im jüdischen Schrifttum: eine philosophisch-historische Analyse nach Rabbi A. J. Kook
Klassische jüdische Quellen bieten eine reichhaltige Literatur mit einer langen und kontinuierlichen Tradition, welche für moderne medizinethische Diskussionen einen wichtigen Beitrag leisten können. Anhand eines Talmud-Textes versuchen wir die literarische Entwicklung von der Bibel bis in die Gegen...
| Main Author: | |
|---|---|
| Format: | Print Article |
| Language: | German English |
| Check availability: | HBZ Gateway |
| Interlibrary Loan: | Interlibrary Loan for the Fachinformationsdienste (Specialized Information Services in Germany) |
| Published: |
2003
|
| In: |
Zeitschrift für medizinische Ethik
Year: 2003, Volume: 49, Issue: 3, Pages: 251-261 |
| Standardized Subjects / Keyword chains: | B
Ḳuḳ, Avraham Yitsḥaḳ 1865-1935
/ Medical ethics
/ Judaism
B Judaism / Culture |
| RelBib Classification: | BH Judaism NCA Ethics NCG Environmental ethics; Creation ethics |
| Further subjects: | B
Medicine
B Ethics B Healing |
MARC
| LEADER | 00000caa a22000002c 4500 | ||
|---|---|---|---|
| 001 | 515371653 | ||
| 003 | DE-627 | ||
| 005 | 20230427133535.0 | ||
| 007 | tu | ||
| 008 | 160405s2003 xx ||||| 00| ||ger c | ||
| 035 | |a (DE-627)515371653 | ||
| 035 | |a (DE-576)46642714X | ||
| 035 | |a (DE-599)GBV515371653 | ||
| 040 | |a DE-627 |b ger |c DE-627 |e rakwb | ||
| 041 | |a ger |a eng | ||
| 084 | |a 1 |2 ssgn | ||
| 100 | 1 | |a Gesundheit, Benjamin |4 aut | |
| 245 | 1 | 4 | |a Die Erlaubnis und Pflicht zu heilen im jüdischen Schrifttum |b eine philosophisch-historische Analyse nach Rabbi A. J. Kook |
| 264 | 1 | |c 2003 | |
| 300 | |b graph. Darst. | ||
| 336 | |a Text |b txt |2 rdacontent | ||
| 337 | |a ohne Hilfsmittel zu benutzen |b n |2 rdamedia | ||
| 338 | |a Band |b nc |2 rdacarrier | ||
| 500 | |a Anmerkungen S. 260 - 261 | ||
| 520 | |a Klassische jüdische Quellen bieten eine reichhaltige Literatur mit einer langen und kontinuierlichen Tradition, welche für moderne medizinethische Diskussionen einen wichtigen Beitrag leisten können. Anhand eines Talmud-Textes versuchen wir die literarische Entwicklung von der Bibel bis in die Gegenwart anhand der Interpretation von Rabbi A. J. Kook (18651935) aufzuzeigen. Die Erlaubnis und Pflicht zu heilen wurde von Bibel- und Talmud-Kommentatoren aufgrund deren historischem und biographischem Hintergrund unterschiedlich erklärt. Die theologische, finanzielle, berufliche oder religiös-kulturelle Problematik der ärztlichen Tätigkeit mag die Notwendigkeit einer religiösen αErlaubnis des Heilens± erklären. Kook verknüpft diese Aspekte in seiner originellen Interpretation, nach der er in der Körper-Seele-Beziehung einen Schwerpunkt der modernen Medizin des 20. Jahrhunderts sieht. | ||
| 601 | |a Erlaubnis | ||
| 601 | |a Pflicht | ||
| 601 | |a Schrifttum | ||
| 650 | 0 | 7 | |0 (DE-588)4024087-3 |0 (DE-627)104235594 |0 (DE-576)20895306X |a Heilung |2 gnd |
| 650 | 0 | 7 | |0 (DE-588)4038243-6 |0 (DE-627)104584963 |0 (DE-576)209029218 |a Medizin |2 gnd |
| 650 | 0 | 7 | |0 (DE-588)4015602-3 |0 (DE-627)106335987 |0 (DE-576)208912614 |a Ethik |2 gnd |
| 652 | |a BH:NCA:NCG | ||
| 689 | 0 | 0 | |d p |0 (DE-588)119083663 |0 (DE-627)07987603X |0 (DE-576)211096261 |2 gnd |a Ḳuḳ, Avraham Yitsḥaḳ |d 1865-1935 |
| 689 | 0 | 1 | |d s |0 (DE-588)4074672-0 |0 (DE-627)106088726 |0 (DE-576)209194898 |2 gnd |a Medizinische Ethik |
| 689 | 0 | 2 | |d s |0 (DE-588)4114087-4 |0 (DE-627)104603151 |0 (DE-576)20948182X |2 gnd |a Judentum |
| 689 | 0 | |5 (DE-627) | |
| 689 | 1 | 0 | |d s |0 (DE-588)4114087-4 |0 (DE-627)104603151 |0 (DE-576)20948182X |2 gnd |a Judentum |
| 689 | 1 | 1 | |d s |0 (DE-588)4125698-0 |0 (DE-627)104470348 |0 (DE-576)209578750 |2 gnd |a Kultur |
| 689 | 1 | |5 (DE-627) | |
| 773 | 0 | 8 | |i In |t Zeitschrift für medizinische Ethik |d Leiden, The Netherlands : Brill | Mentis, 1993 |g 49(2003), 3, Seite 251-261 |w (DE-627)131196839 |w (DE-600)1149764-6 |w (DE-576)034198989 |x 0944-7652 |7 nnas |
| 773 | 1 | 8 | |g volume:49 |g year:2003 |g number:3 |g pages:251-261 |
| 935 | |a mteo |a BIIN | ||
| 935 | |i Blocktest | ||
| 951 | |a AR | ||
| BIB | |a 1 | ||
| ELC | |b 1 | ||
| ITA | |a 1 |t 1 | ||
| LOK | |0 000 xxxxxcx a22 zn 4500 | ||
| LOK | |0 001 3314416776 | ||
| LOK | |0 003 DE-627 | ||
| LOK | |0 004 515371653 | ||
| LOK | |0 005 20160405143614 | ||
| LOK | |0 008 160404||||||||||||||||ger||||||| | ||
| LOK | |0 040 |a DE-Tue135 |c DE-627 |d DE-Tue135 | ||
| LOK | |0 092 |o n | ||
| LOK | |0 852 |a DE-Tue135 | ||
| LOK | |0 852 1 |9 00 | ||
| LOK | |0 935 |a ixzs |a ixmi | ||
| LOK | |0 936ln |0 1442052988 |a NCG | ||
| LOK | |0 936ln |0 1442043520 |a BH | ||
| LOK | |0 939 |a 04-04-16 |b l01 | ||
| LOK | |0 000 xxxxxcx a22 zn 4500 | ||
| LOK | |0 001 3314416784 | ||
| LOK | |0 003 DE-627 | ||
| LOK | |0 004 515371653 | ||
| LOK | |0 005 20190311203842 | ||
| LOK | |0 008 190311||||||||||||||||ger||||||| | ||
| LOK | |0 035 |a (DE-Tue135-1)141559 | ||
| LOK | |0 040 |a DE-Tue135-1 |c DE-627 |d DE-Tue135-1 | ||
| LOK | |0 852 |a DE-Tue135-1 | ||
| LOK | |0 852 1 |c FTH097680/49/GTB |m p |9 00 | ||
| LOK | |0 852 2 |b Z 5/976 |9 00 | ||
| LOK | |0 935 |a iZSA | ||
| LOK | |0 936ln |0 1442052465 |a NCA | ||
| LOK | |0 938 |k p | ||
| LOK | |0 939 |a 11-03-19 |b l12 | ||
| ORI | |a SA-MARC-ixtheoa001.raw | ||
| REL | |a 1 | ||
| STA | 0 | 0 | |a Culture,Culture,Culture,Ethics,Ethics,Moral philosophy,Philosophical Ethics,Ethics,Healing,Healing,Judaism,Judaism,Judaism in literature,Medical ethics,Medicine,Ethics,Nursing ethics,Medicine,Medicine,Medical science,Medicine in literature |
| STB | 0 | 0 | |a Culture,Culture,Civilisation,Civilisation,Culture,Civilisation (motif),Civilisation,Guérison,Guérison,Judaïsme,Judaïsme,Médecine,Médecine,Éthique médicale,Éthique médicale,Éthique,Éthique,Morale,Morale,Morale |
| STC | 0 | 0 | |a Cultura,Cultura,Curación,Curación,Judaísmo,Judaísmo,Medicina,Medicina,Ética médica,Ética,Ética,Ética moderna |
| STD | 0 | 0 | |a Cultura,Cultura,Ebraismo,Ebraismo,Etica medica,Etica,Etica,Guarigione,Guarigione,Medicina,Medicina |
| STE | 0 | 0 | |a 伦理学,道德哲学,道德学,医学,医疗科学,医学伦理学,医治,医治,治疗,治疗,文化,犹太教,犹太教 |
| STF | 0 | 0 | |a 倫理學,道德哲學,道德學,文化,猶太教,猶太教,醫學,醫療科學,醫學倫理學,醫治,醫治,治療,治療 |
| STG | 0 | 0 | |a Cultura,Cultura,Cura,Cura,Judaísmo,Judaísmo,Medicina,Medicina,Ética médica,Ética,Ética |
| STH | 0 | 0 | |a Исцеление (мотив),Исцеление,Иудаизм (мотив),Иудаизм,Культура (мотив),Культура,Медицина (мотив),Медицина,Медицинская этика,Этика (мотив),Этика |
| STI | 0 | 0 | |a Ίαση <μοτίβο>,Ίαση,Θεραπεία,Θεραπεία (μοτίβο),Ηθική (μοτίβο),Ηθική,Ιατρική (μοτίβο),Ιατρική,Ιατρική δεοντολογία,Ιατρική ηθική,Ιουδαϊσμός (μοτίβο),Ιουδαϊσμός,Πολιτισμός <μοτίβο>,Πολιτισμός,Κουλτούρα,Κουλτούρα (μοτίβο) |
| SUB | |a BIB |a REL | ||
| SYE | 0 | 0 | |a Heilen,Krankenheilung , Medical sciences,Biomedicine,Clinical biochemistry,Heilkunst,Medicine,Medizinische Forschung,Naturmedizin,Humanmedizin,Heilkunst , Ethics,Moral,Morality,Moralphilosophie,Tugend,Wertethik,Ethische Theorie,Moral,Philosophische Ethik,Sittenlehre,Moralphilosophie |
| SYG | 0 | 0 | |a Ḳuḳ, Avraham Yitsḥaḳ ha-Ḳohen,1865-1935,Ḳuḳ, Avraham Yitsḥaḳ ben Shelomoh Zalman ha-Ḳohen,1865-1935,Kuk, Abraham Isaak Ben-Salomo Salman Ha-Kohen,1865-1935,Ḳuḳ, Avraham Yitsḥaḳ Yeḥezḳehu,1865-1935,Avraham Yitsḥaḳ ha-Ḳohen Ḳuḳ,1865-1935,Ḳuḳ, Yitsḥaḳ ha-Ḳohen,1865-1935,Qûq, Avrāhām Y.,1865-1935,Reʾiyah,1865-1935,Kuk, Abraham Isaak,1865-1935,Rayah,1865-1935,Kouk, A. I.,1865-1935,Kook, A. Y.,1865-1935,Kook, Harayah,1865-1935,Kuk, Abraham Isaac,1865-1935,Cook, Abraham Isaac,1865-1935,Kook, Hareiyah,1865-1935,Kook, Abraham Isaak,1865-1935,Ḳuḳ, Reʾiyah,1865-1935,Kook, A. I. H.,1865-1935,Kook, Abraham Jizchak,1865-1935,Kuk, Abraham Jizchak,1865-1935,Qûq, Avrāhām Yiṣḥāq hak-Kōhēn,1865-1935,Kook, Avraham Yitzhak HaCohen,1865-1935,HaCohen Kook, Avraham Yitzhak,1865-1935,Kook, Abraham Isaac HaKohen,1865-1935,Raʾyah,1865-1935,Kook, Abraham Isaak HaCohen,1865-1935,Qûq, Avraham Y.,1865-1935,Cohen-Kook, Abraham Isaak ha,1865-1935,Kook, Abraham Isaac,1865-1935,Kook, Avraham Yitzhak Hakohen,1865-1935,Kook, Abraham Isaac B. Solomon Zalman Hacohen,1865-1935,Qûq, Avrāhām Yiṣḥāq,1865-1935,HaCohen Kook, Abraham Isaak,1865-1935,Qūq, ʾAbrāhām Jiṣṣhāq,1865-1935,Kook, Avraham Yitzhak,1865-1935,Kook, Abraham Ytsẖaq Hacohen,1865-1935,Kook, Abraham I.,1865-1935,Kuk, Abraham Isaak Ben Salomo Salman Ha Kohen,1865-1935,Kuk, Abraham I.,1865-1935,ha-Rah,1865-1935,ha-Rayah,1865-1935,Ḳuḳ,, haRaAyah,1865-1935,ha-Rav Ḳuḳ,1865-1935,קוק, אברהם יצחק יחזקיהו,1865-1935,קוק, הראי"ה,1865-1935,קוק, הראיה,1865-1935,הראי"ה,1865-1935,הראי"ה קוק,1865-1935,קוק, יצחק הכהן,1865-1935,כהן דעתו יפה,1865-1935,כד"י,1865-1935,אברהם יצחק הכהן קוק,1865-1935,Qûq, Avrāhām Y.,1865-1935,Kook, Abraham Isaac,1865-1935,Kook, Abraham,1865-1935,Kook, Isaac,1865-1935 , Ärztliche Ethik,Klinische Ethik,Ärztliches Ethos,Arzt,Medizin,Arzt,Heilberuf,Medizinethik , Judaism,Judaismus,Jüdische Religion,Zionism,Zionismus,Jüdische Religion,Judaismus,Jüdische Religion,Judaismus , Judaism,Judaismus,Jüdische Religion,Zionism,Zionismus,Jüdische Religion,Judaismus,Jüdische Religion,Judaismus , Culture |



